00789nam a2200241Ia 4500003000400000005001700004008004100021020002200062040000700084041000800091082001600099100002800115245004000143260005400183300001800237365001300255650002600268650003100294906004200325942001200367999001900379952014900398OSt20230511094219.0210423s2014 xx 000 0 und d a978-81-8457-589-7 cAL aeng a302.23 SAXM aSAXENA (Ambris)9102178 aMedia content freedom and democracy aNew DelhibKanishka Publishers Distributorsc2014 axiii,322pbHB b995cINR aCommunication9102179 aSocial Interaction9102180 acontent ; democracy ; freedom ; Media 2ddccBK c165802d165802 001040708MAJMCaSACPGbSACPGd2014-09-03eIntact Bookhouseg995.00l1o302.23 SAXMpPG012300r2022-08-24 00:00:00s2022-03-18w2021-04-26yBK